|
|
|
|
| LEADER |
03348nam a22005295i 4500 |
| 001 |
978-0-387-21775-8 |
| 003 |
DE-He213 |
| 005 |
20151204155959.0 |
| 007 |
cr nn 008mamaa |
| 008 |
100301s2003 xxu| s |||| 0|eng d |
| 020 |
|
|
|a 9780387217758
|9 978-0-387-21775-8
|
| 024 |
7 |
|
|a 10.1007/b97467
|2 doi
|
| 040 |
|
|
|d GrThAP
|
| 050 |
|
4 |
|a QC174.7-175.36
|
| 072 |
|
7 |
|a PHS
|2 bicssc
|
| 072 |
|
7 |
|a PHDT
|2 bicssc
|
| 072 |
|
7 |
|a SCI055000
|2 bisacsh
|
| 082 |
0 |
4 |
|a 621
|2 23
|
| 100 |
1 |
|
|a Liboff, Richard L.
|e author.
|
| 245 |
1 |
0 |
|a Kinetic Theory
|h [electronic resource] :
|b Classical, Quantum, and Relativistic Descriptions /
|c by Richard L. Liboff.
|
| 250 |
|
|
|a Third Edition.
|
| 264 |
|
1 |
|a New York, NY :
|b Springer New York,
|c 2003.
|
| 300 |
|
|
|a XX, 572 p. 15 illus.
|b online resource.
|
| 336 |
|
|
|a text
|b txt
|2 rdacontent
|
| 337 |
|
|
|a computer
|b c
|2 rdamedia
|
| 338 |
|
|
|a online resource
|b cr
|2 rdacarrier
|
| 347 |
|
|
|a text file
|b PDF
|2 rda
|
| 490 |
1 |
|
|a Graduate Texts in Contemporary Physics,
|x 0938-037X
|
| 505 |
0 |
|
|a The Liouville Equation -- Analyses of the Liouville Equation -- The Boltzmann Equation, Fluid Dynamics, and Irreversibility -- Assorted Kinetic Equations with Applications to Plasmas and Neutral Fluids -- Elements of Quantum Kinetic Theory -- Relativistic Kinetic Theory -- Kinetic Properties of Metals and Amorphous Media.
|
| 520 |
|
|
|a Kinetic Theory: Classical, Quantum, and Relativistic Descriptions goes beyond the scope of other works in the field with its thorough treatment of applications in a wide variety of disciplines. Its clear exposition and emphasis on concrete examples will make it not only an excellent graduate text but also a valuable resource for researchers in such disciplines as aerospace, mechanical, and chemical engineering; astrophysics, solid state and laser physics and devices, plasma physics, and controlled and thermonuclear fusion. Among the topics covered are: - The Liouville equation and analyses of the Liouville equation, including two independent derivations - The Boltzmann equation and Boltzmann's H-theorem - Analysis of the linearized collision operator - Fluid dynamics and irreversibility - Assorted kinetic equations with applications to plasmas and neutral fluids - Elements of quantum kinetic theory, including the Green's-function formalism and the Wigner-Moyal equation - Relativistic kinetic theory and Lorentz invariants - Kinetic properties of metals and amorphous media - Monte-Carlo analysis in kinetic theory - Kinetic study of shock waves This third revised edition features a new section on constants of motion and symmetry and a new appendix on the Lorentz-Legendre expansion.
|
| 650 |
|
0 |
|a Physics.
|
| 650 |
|
0 |
|a Physical chemistry.
|
| 650 |
|
0 |
|a Fluids.
|
| 650 |
|
0 |
|a Statistical physics.
|
| 650 |
|
0 |
|a Dynamical systems.
|
| 650 |
1 |
4 |
|a Physics.
|
| 650 |
2 |
4 |
|a Statistical Physics, Dynamical Systems and Complexity.
|
| 650 |
2 |
4 |
|a Fluid- and Aerodynamics.
|
| 650 |
2 |
4 |
|a Physical Chemistry.
|
| 710 |
2 |
|
|a SpringerLink (Online service)
|
| 773 |
0 |
|
|t Springer eBooks
|
| 776 |
0 |
8 |
|i Printed edition:
|z 9780387955513
|
| 830 |
|
0 |
|a Graduate Texts in Contemporary Physics,
|x 0938-037X
|
| 856 |
4 |
0 |
|u http://dx.doi.org/10.1007/b97467
|z Full Text via HEAL-Link
|
| 912 |
|
|
|a ZDB-2-PHA
|
| 912 |
|
|
|a ZDB-2-BAE
|
| 950 |
|
|
|a Physics and Astronomy (Springer-11651)
|